000 00318nam a22001337a 4500
020 _qPB.
040 _cFIZZA ISHAQ
082 _a690
_bERK
100 _aFLEMING, ERK.
_985947
245 _aCONSTRUCTION TECHNOLOGY /
_cERK FLEMING.
260 _aNEW YORK :
_bWILEY SON,
_c2005.
300 _a386 P. ;
942 _2ddc
_cBK
999 _c587185
_d587185